Score 0/19 Timer 05:00
0 Plays Today
Answer % Correct
Dorothy’s former husband is namedStanley
99%
This is the dreaded nursing home where Sophia once livedShady Pines
94.2%
Rose was tested for this medical condition several years after receiving a blood transfusionHIV
93.2%
Blanche’s sister needed a donation of this organKidney
93.1%
Dorothy was born in this NYC boroughBrooklyn
92.4%
Rose’s late husband was namedCharles
92.2%
Blanche’s late husband’s name wasGeorge
91.6%
Blanche (and most other people) called her fatherBig Daddy
91%
Each Golden Girl was born in the US except for this oneSophia
89.8%
Sophia’s late husband was namedSalvadore
88.6%
Answer % Correct
What does Rose inherit from her Uncle Hingeblotter in the episode “Bringing Up Baby”Pig
87.8%
Name one of the Golden Girl spinoffsEmpty Nest
86.6%
Dorothy was rejected after auditioning to be a contestant on this game-showJeopardy
81.8%
Blanche lures men to the house by advertising this item for saleMercedes
78.7%
How many years were Dorothy and her first husband marriedThirty eight
77.6%
The ladies went to California to appear on this game showGrab That Dough
77.4%
What was the name of Dorothy’s transvestite brother (Sophia’s son): Phil
77.1%
In real-life, this actress was the youngest of the four Golden GirlsRue
77%
This is Blanche’s favorite social spot for meeting menRusty Anchor
61.9%
Remove Ads.
Support Sporcle.
Get the best of Sporcle when you Go Orange. This ad-free experience offers more features, more stats, and more fun while also helping to support Sporcle. Thank you for becoming a member.

You're not logged in!

Compare scores with friends on all Sporcle quizzes.
OR
Log In

Show Comments

Extras

Top Quizzes Today


Score Distribution

Your Account Isn't Verified!

In order to create a playlist on Sporcle, you need to verify the email address you used during registration. Go to your Sporcle Settings to finish the process.

Report this User

Report this user for behavior that violates our Community Guidelines.

Details: